|
|
|
|
| LEADER |
01606nam a2200421 a 4500 |
| 001 |
EBC947642 |
| 003 |
MiAaPQ |
| 005 |
20200520144314.0 |
| 006 |
m o d | |
| 007 |
cr cn||||||||| |
| 008 |
150303s2013 njua s 001 0 eng d |
| 020 |
|
|
|z 9781118436417
|
| 020 |
|
|
|a 9781118436424 (electronic bk.)
|
| 020 |
|
|
|a 9781118436431 (electronic bk.)
|
| 020 |
|
|
|a 9781118436400 (electronic bk.)
|
| 035 |
|
|
|a (MiAaPQ)EBC947642
|
| 035 |
|
|
|a (Au-PeEL)EBL947642
|
| 035 |
|
|
|a (CaPaEBR)ebr10731712
|
| 035 |
|
|
|a (CaONFJC)MIL576266
|
| 035 |
|
|
|a (OCoLC)857076700
|
| 040 |
|
|
|a MiAaPQ
|c MiAaPQ
|d MiAaPQ
|
| 050 |
|
4 |
|a HF5381
|b .K466 2013
|
| 082 |
0 |
4 |
|a 650.142
|2 23
|
| 100 |
1 |
|
|a Kennedy, Joyce Lain.
|
| 245 |
1 |
0 |
|a Job search letters for dummies
|h [electronic resource] /
|c by Joyce Lain Kennedy.
|
| 260 |
|
|
|a Hoboken, N.J. :
|b John Wiley & Sons,
|c c2013.
|
| 300 |
|
|
|a 1 online resource (xii, 340 p.) :
|b ill.
|
| 490 |
0 |
|
|a --For dummies
|
| 500 |
|
|
|a "Making Everything Easier!"--Cover.
|
| 500 |
|
|
|a Includes index.
|
| 533 |
|
|
|a Electronic reproduction. Ann Arbor, MI : ProQuest, 2015. Available via World Wide Web. Access may be limited to ProQuest affiliated libraries.
|
| 588 |
|
|
|a Description based on online resource; title from title page (ebrary, viewed July 25, 2013).
|
| 650 |
|
0 |
|a Career development
|x Computer network resources.
|
| 650 |
|
0 |
|a Job hunting
|x Computer network resources.
|
| 650 |
|
0 |
|a Job hunting.
|
| 655 |
|
4 |
|a Electronic books.
|
| 710 |
2 |
|
|a ProQuest (Firm)
|
| 856 |
4 |
0 |
|u https://ebookcentral.proquest.com/lib/matrademy/detail.action?docID=947642
|z Click to View
|